|
|
|
|
| LEADER |
01034nam a2200277 a 4500 |
| 001 |
16763643 |
| 008 |
120523s2012 cau b 001 0 eng |
| 010 |
|
|
|a 2011929080
|
| 020 |
|
|
|a 9780857028655
|
| 020 |
|
|
|a 9780857028662
|
| 040 |
|
|
|a DLC
|c DLC
|d BD-DhAAL
|
| 042 |
|
|
|a pcc
|
| 082 |
0 |
0 |
|a 300.681
|2 22
|
| 100 |
1 |
|
|a Denicolo, Pam.
|
| 245 |
1 |
0 |
|a Developing research proposals /
|c Pam Denicolo, Lucinda Becker.
|
| 260 |
|
|
|a Thousand Oaks, CA ;
|a London :
|b Sage Publications,
|c 2012.
|
| 300 |
|
|
|a xvii, 134 p. :
|b ill. ;
|c 24 cm.
|
| 490 |
0 |
|
|a Success in research
|
| 504 |
|
|
|a Includes bibliographical references and index.
|
| 541 |
|
|
|e 00025259
|
| 650 |
|
0 |
|a Proposal writing for grants.
|
| 650 |
|
0 |
|a Proposal writing in research.
|
| 700 |
1 |
|
|a Becker, Lucinda
|
| 852 |
1 |
|
|a Ayesha Abed Library
|c General shelf.
|
| 999 |
|
|
|c 12213
|d 12213
|
| 952 |
|
|
|0 0
|1 0
|2 ddc
|4 0
|6 300_681000000000000_DEN
|7 0
|9 20289
|a BRACUL
|b BRACUL
|c GEN
|d 2012-05-24
|e karim International
|g 2019.00
|l 9
|m 65
|o 300.681 DEN
|p 3010025259
|r 2026-02-23
|s 2025-09-22
|t 1
|w 2012-05-24
|y BK
|